9 x 9 Minesweeper with 10 Mines - Sudden Death #1 - Statistics

General Stats
  • This quiz has been taken 2,300 times
  • The average score is 42 of 80
Answer Stats
Answer % Correct
1
85%
0
85%
0
81%
0
79%
1
76%
0
75%
1
73%
0
70%
1
69%
0
69%
1
67%
1
66%
0
66%
1
65%
1
65%
0
64%
0
63%
1
62%
1
62%
1
62%
2
62%
1
61%
1
60%
0
60%
0
59%
1
56%
1
56%
2
56%
0
56%
55%
1
54%
1
53%
1
52%
1
52%
0
51%
1
50%
1
50%
2
50%
0
50%
0
50%
1
49%
0
49%
1
48%
1
48%
2
48%
2
48%
48%
1
47%
3
47%
1
46%
1
46%
1
46%
1
46%
2
46%
0
46%
0
46%
1
45%
1
45%
1
45%
1
45%
0
45%
0
45%
45%
1
43%
2
43%
43%
1
42%
2
42%
42%
1
41%
1
41%
1
40%
1
39%
2
39%
39%
39%
39%
3
37%
37%
37%
No matching quizzes found
Score Distribution
Percent of People with Each Score
Percentile by Number Answered
Your Score History
You have not taken this quiz